00673nam a2200217Ia 450000500170000000800410001704000190005804100120007708200160008910000350010524500590014026000240019930000120022365000190023565100460025470000200030085000100032094200070033099900160033795201020035320221129095412.0131103s9999 xx 000 0 und d aLoreto College aEnglish a821.91bAUD aAuden,[Wystan. Hugh]., 1907-73 aLetters from IcelandcW. H. Auden [and] Louis MacNeice aLondonbFaberc1965 a253 p.  aEnglish Poetry aAuden,Wystan. Hugh - Letters and Writings aMacNeice, Louis aLCLIB cBK c6508d56987 00102ddc4070aMAINbMAINd2013-11-04l0o821.91 AUD 14543pB6378r2013-11-04w2013-11-04yBKf